banner-ar

السكان وكوكب الارض : تقييم طاقة الارض على استيعاب السكان / (Record no. 45418)

MARC details
000 -الفاتح
حقل البيانات ثابتة الطول 00644nam a2200205Ia 4500
005 - وقت وتاريخ اخر تعامل مع التسجيلة
رقم الضبط 20240530104209.0
008 - عناصر البيانات ثابتة الطول - معلومات عامة
حقل البيانات ثابتة الطول 140319s9999 xx 000 0 ara d
040 ## - مصدر الفهرسة
وكالة الفهرسة الأصلية GCL /
وكالة النسخ GCL
082 04 - رقم تصنيف ديوى العشرى
رقم التصنيف 301.32
رقم المادة ب س
100 1# - المدخل الرئيسى - إسم شخصى
الإسم الشخصى براون، ليستر. ر.
245 10 - بيان العنوان
العنوان السكان وكوكب الارض : تقييم طاقة الارض على استيعاب السكان /
بيان المسئوليه,etc براون، ليستر. ر.
300 ## - الوصف المادى
التعداد 262 ص
650 04 - المدخل الاضافى بالموضوع-مصطلح موضوعى
مصطلح موضوعي السكان
650 04 - المدخل الاضافى بالموضوع-مصطلح موضوعى
مصطلح موضوعي السكان - علم
650 04 - المدخل الاضافى بالموضوع-مصطلح موضوعى
مصطلح موضوعي الامن الغذائى
700 1# - المدخل الاضافى - اسم شخصى
الإسم الشخصى كين, هال
700 1# - المدخل الاضافى - اسم شخصى
الإسم الشخصى ليلى زيدان (ترجمة)
942 ## - عناصر المدخل الإضافي( كوها)
مصدر التصنيف او مخطط الترفيف Dewey Decimal Classification
Koha [default] item type كتاب
Holdings
حالة التراجع حالة الفقد حالة تلف ليس للاعارة المكان المؤقت الموقع الحالى تاريخ الاكتساب اجمالي اﻻعارات رقم الطلب الباركود تاريخ اخر مشاهدة تاريخ تفعيل السعر نوع وعاء كوها
        مكتبة القاهرة الكبرى مكتبة القاهرة الكبرى 03/26/2014   301.32\ب س 110756 03/26/2014 03/26/2014 كتاب
        مكتبة القاهرة الكبرى مكتبة القاهرة الكبرى 03/26/2014   301.32\ب س 110757 03/26/2014 03/26/2014 كتاب
        مكتبة القاهرة الكبرى مكتبة القاهرة الكبرى 03/26/2014   301.32\ب س 110758 03/26/2014 03/26/2014 كتاب
        مكتبة القاهرة الكبرى مكتبة القاهرة الكبرى 03/26/2014   301.32\ب س 110759 03/26/2014 03/26/2014 كتاب
        مكتبة القاهرة الكبرى مكتبة القاهرة الكبرى 03/26/2014   301.32\ب س 110760 03/26/2014 03/26/2014 كتاب
        مكتبة القاهرة الكبرى مكتبة القاهرة الكبرى 03/26/2014   301.32\ب س 110761 03/26/2014 03/26/2014 كتاب
        مكتبة القاهرة الكبرى مكتبة القاهرة الكبرى 03/26/2014   301.32\ب س 110762 03/26/2014 03/26/2014 كتاب

Powered By

EGPV